Sports Quiz

Random Sports Quiz

Top 10 Best La Galaxy Players Ever Quiz Stats

 Plays Quiz not verified by Sporcle

Support Sporcle.
Go Orange.
Score 0/10 Timer 10:00
0 Plays Today
Hint Answer % Correct
????
100%
????
97.1%
????
97.1%
????
73.9%
????
58%
????
40.6%
????
34.8%
????
29%
????
18.8%
????
17.4%

You're not logged in!

Compare scores with friends on all Sporcle quizzes.
OR
Log In

From the Vault

Match Game: 2000s Best Pictures

by DIEGO1000

It's a good thing we have that 's' in there, because 2000 best pictures would be way too many to click.
Remove Ads.
Support Sporcle.
Get the best of Sporcle when you Go Orange. This ad-free experience offers more features, more stats, and more fun while also helping to support Sporcle. Thank you for becoming a member.

Show Comments

Extras

Created Feb 9, 2018ReportNominate
Tags:Ever, Galaxy, Player, Top 10

Top Quizzes Today


Score Distribution

Your Account Isn't Verified!

In order to create a playlist on Sporcle, you need to verify the email address you used during registration. Go to your Sporcle Settings to finish the process.

Report this User

Report this user for behavior that violates our Community Guidelines.

Details: